[Event "Steyr Landesliga 1920"]
[Site "Austria"]
[Date "2019.11.16"]
[Round "4.4"]
[White "Dobay, Klaus"]
[Black "Riedner, Martin"]
[Result "1/2-1/2"]
[WhiteElo "2049"]
[BlackElo "2058"]
[PlyCount "31"]
[EventDate "2019.09.28"]
[EventType "team-tourn"]
[EventRounds "11"]
[EventCountry "AUT"]
[SourceTitle "CBM 193 Extra"]
[Source "ChessBase"]
[SourceDate "2020.01.31"]
[SourceVersion "1"]
[SourceVersionDate "2020.01.31"]
[SourceQuality "1"]
[WhiteTeam "Gratwein Strassengel"]
[BlackTeam "Gamlitz"]
[WhiteTeamCountry "AUT"]
[BlackTeamCountry "AUT"]

1. d4 e6 2. c4 Nf6 3. Nc3 Bb4 4. Qc2 d5 5. e3 0-0 6. Nf3 b6 7. Be2 Bb7 8. a3 Be7 9. b3 Nbd7 10. Bb2 dxc4 11. bxc4 c5 12. 0-0 Rc8 13. Rfd1 cxd4 14. Nxd4 Qc7 15. Ncb5 Qb8 16. a4 1/2-1/2

[Event "Steyr Landesliga 1819"]
[Site "Austria"]
[Date "2018.11.10"]
[Round "4.4"]
[White "Riedner, Martin"]
[Black "Nuster, Erwin"]
[Result "1/2-1/2"]
[WhiteElo "2090"]
[BlackElo "2122"]
[PlyCount "124"]
[EventDate "2018.10.06"]
[EventType "team-tourn"]
[EventRounds "11"]
[EventCountry "AUT"]
[SourceTitle "CBM 187 Extra"]
[Source "ChessBase"]
[SourceDate "2018.11.04"]
[SourceVersion "1"]
[SourceVersionDate "2018.11.04"]
[SourceQuality "1"]
[WhiteTeam "Gamlitz"]
[BlackTeam "Feldbach Kirchberg"]
[WhiteTeamCountry "AUT"]
[BlackTeamCountry "AUT"]

1. e4 c5 2. Nc3 Nc6 3. Bb5 g6 4. Bxc6 dxc6 5. d3 Bg7 6. f4 Nh6 7. Nf3 Bg4 8. 0-0 Bd4+ 9. Kh1 f5 10. e5 e6 11. Qe1 Bxf3 12. Rxf3 Bxc3 13. Qxc3 Qd5 14. Be3 b6 15. a4 a5 16. Re1 0-0-0 17. b3 Nf7 18. Qc4 Kb7 19. Bf2 h6 20. Bg3 g5 21. Qc3 Rhg8 22. Re2 Rg6 23. Qe1 Rdg8 24. c4 Qd7 25. Rd2 Rd8 26. Bf2 Qe7 27. Be3 Rgg8 28. Qg1 Qc7 29. Qe1 Rd7 30. Rg3 Qd8 31. Qe2 Nh8 32. Qd1 Ng6 33. Rf3 gxf4 34. Bxf4 Qh4 35. g3 Qh3 36. Rff2 Rgd8 37. Qe2 Rd4 38. Qe3 Nxf4 39. Rxf4 Rxf4 40. Qxf4 Rd4 41. Qf2 Qg4 42. Kg2 Qg7 43. Qe2 Rg4 44. Rd1 h5 45. Kh1 Qg5 46. Rf1 h4 47. gxh4 Rxh4 48. Rg1 Qf4 49. Rg7+ Ka6 50. Rg1 Rh3 51. Re1 Rf3 52. Kg2 Qg4+ 53. Kh1 f4 54. Rf1 Rxf1+ 55. Qxf1 f3 56. Qf2 Qf4 57. h4 Qxe5 58. Qxf3 Qe1+ 59. Kg2 Qxh4 60. Qxc6 Qg4+ 61. Kf2 Ka7 62. Qc7+ Ka6 1/2-1/2

[Event "Steyr Landesliga 1718"]
[Site "Austria"]
[Date "2018.01.20"]
[Round "7.4"]
[White "Riedner, Martin"]
[Black "Wegerer, Fred"]
[Result "1/2-1/2"]
[WhiteElo "2094"]
[BlackElo "2099"]
[PlyCount "28"]
[EventDate "2017.09.30"]
[EventType "team-tourn"]
[EventRounds "11"]
[EventCountry "AUT"]
[SourceTitle "EXT 2019"]
[Source "ChessBase"]
[SourceDate "2018.10.10"]
[SourceVersion "1"]
[SourceVersionDate "2018.10.10"]
[SourceQuality "1"]
[WhiteTeam "Gamlitz"]
[BlackTeam "Graz Austria"]
[WhiteTeamCountry "AUT"]
[BlackTeamCountry "AUT"]

1. d4 Nf6 2. Nf3 b6 3. c4 e6 4. g3 Ba6 5. b3 Bb4+ 6. Bd2 Be7 7. Nc3 d5 8. cxd5 exd5 9. Bg2 c6 10. Qc2 0-0 11. 0-0 Nbd7 12. Rfe1 Rc8 13. e4 dxe4 14. Nxe4 c5 1/2-1/2

[Event "Steyr Landesliga 1718"]
[Site "Austria"]
[Date "2017.11.11"]
[Round "4.5"]
[White "Riedner, Martin"]
[Black "Nuster, Erwin"]
[Result "1-0"]
[WhiteElo "2094"]
[BlackElo "2126"]
[PlyCount "91"]
[EventDate "2017.09.30"]
[EventType "team-tourn"]
[EventRounds "11"]
[EventCountry "AUT"]
[SourceTitle "EXT 2019"]
[Source "ChessBase"]
[SourceDate "2018.10.10"]
[SourceVersion "1"]
[SourceVersionDate "2018.10.10"]
[SourceQuality "1"]
[WhiteTeam "Gamlitz"]
[BlackTeam "Feldbach Kirchberg"]
[WhiteTeamCountry "AUT"]
[BlackTeamCountry "AUT"]

1. Nf3 c5 2. b3 Nf6 3. Bb2 e6 4. g3 b6 5. Bg2 Bb7 6. c4 Be7 7. 0-0 0-0 8. d4 cxd4 9. Nxd4 Bxg2 10. Kxg2 d5 11. cxd5 Qxd5+ 12. Nf3 Qb7 13. e3 Nc6 14. Kg1 Rfd8 15. Qe2 Rac8 16. Nc3 a6 17. Rfd1 b5 18. Rxd8+ Rxd8 19. Rd1 Rxd1+ 20. Qxd1 h6 21. h3 Bc5 22. Nd2 Qd7 23. Qe2 Bb4 24. a3 Be7 25. Nce4 Nxe4 26. Nxe4 f5 27. Qd2 Qc7 28. Qc3 e5 29. Nc5 Qb6 30. Nd7 Qc7 31. Nc5 a5 32. Nd3 Bd6 33. f4 e4 34. Nc5 Nd8 35. b4 Bxc5 36. bxc5 Ne6 37. c6 Kf7 38. g4 fxg4 39. hxg4 Qd6 40. f5 Qg3+ 41. Kf1 Qf3+ 42. Ke1 Qg3+ 43. Kd2 Qd6+ 44. Kc1 Nc5 45. Qxg7+ Ke8 46. Qg8+ 1-0

[Event "Steyr Landesliga 1718"]
[Site "Austria"]
[Date "2017.10.21"]
[Round "3.6"]
[White "Riedner, Martin"]
[Black "Postl, Klaus"]
[Result "1-0"]
[WhiteElo "2094"]
[BlackElo "1891"]
[PlyCount "67"]
[EventDate "2017.09.30"]
[EventType "team-tourn"]
[EventRounds "11"]
[EventCountry "AUT"]
[SourceTitle "CBM 181 Extra"]
[Source "ChessBase"]
[SourceDate "2017.12.12"]
[SourceVersion "1"]
[SourceVersionDate "2017.12.12"]
[SourceQuality "1"]
[WhiteTeam "Gamlitz"]
[BlackTeam "Graz Schachgesellschaft"]
[WhiteTeamCountry "AUT"]
[BlackTeamCountry "AUT"]

1. d4 Nf6 2. c4 e6 3. g3 d5 4. Bg2 dxc4 5. Qa4+ c6 6. Qxc4 Bd6 7. Nf3 Nbd7 8. Bf4 Bxf4 9. gxf4 Qa5+ 10. Nc3 Qf5 11. e3 0-0 12. 0-0 c5 13. dxc5 Qxc5 14. Qxc5 Nxc5 15. Ne5 Nfd7 16. Rfd1 Nxe5 17. fxe5 f6 18. exf6 gxf6 19. Rd6 Rb8 20. Rad1 b5 21. b4 Na4 22. Nxa4 bxa4 23. a3 Kf7 24. Rd8 e5 25. Rxf8+ Kxf8 26. Rd8+ Ke7 27. Rh8 a5 28. b5 Rxb5 29. Rxc8 Rb1+ 30. Bf1 Rb3 31. Ra8 Rxa3 32. Rxa5 Ra1 33. Kg2 a3 34. Ra6 1-0

[Event "Steyr Landesliga 1617"]
[Site "Austria"]
[Date "2017.05.06"]
[Round "11.4"]
[White "Riedner, Martin"]
[Black "Preck, Helmut"]
[Result "1/2-1/2"]
[WhiteElo "2114"]
[BlackElo "2049"]
[PlyCount "48"]
[EventDate "2016.10.01"]
[EventType "team-tourn"]
[EventRounds "11"]
[EventCountry "AUT"]
[SourceTitle "EXT 2018"]
[Source "ChessBase"]
[SourceDate "2017.10.13"]
[SourceVersion "1"]
[SourceVersionDate "2017.10.13"]
[SourceQuality "1"]
[WhiteTeam "Gamlitz"]
[BlackTeam "Austria"]
[WhiteTeamCountry "AUT"]
[BlackTeamCountry "AUT"]

1. d4 e6 2. c4 d5 3. Nf3 Nf6 4. g3 dxc4 5. Qa4+ Bd7 6. Qxc4 Bc6 7. Bg2 Bd6 8. Nc3 0-0 9. 0-0 Nbd7 10. Rd1 a6 11. Qd3 b5 12. a3 Bb7 13. a4 Qc8 14. e4 e5 15. d5 Nb6 16. Bg5 Nc4 17. Bxf6 gxf6 18. Qe2 Qg4 19. h3 Qh5 20. g4 Qh6 21. Nd2 Nxd2 22. Qxd2 Qxd2 23. Rxd2 Rfd8 24. Rb1 c6 1/2-1/2

[Event "Steyr Landesliga 1617"]
[Site "Austria"]
[Date "2017.02.04"]
[Round "7.5"]
[White "Hatzl, Johannes"]
[Black "Riedner, Martin"]
[Result "1-0"]
[WhiteElo "2076"]
[BlackElo "2114"]
[PlyCount "65"]
[EventDate "2016.10.01"]
[EventType "team-tourn"]
[EventRounds "11"]
[EventCountry "AUT"]
[SourceTitle "EXT 2018"]
[Source "ChessBase"]
[SourceDate "2017.10.13"]
[SourceVersion "1"]
[SourceVersionDate "2017.10.13"]
[SourceQuality "1"]
[WhiteTeam "Fuerstenfeld/Hartberg"]
[BlackTeam "Gamlitz"]
[WhiteTeamCountry "AUT"]
[BlackTeamCountry "AUT"]

1. e4 e6 2. d4 d5 3. Nc3 Nf6 4. Bg5 Bb4 5. e5 h6 6. Be3 Ne4 7. a3 Nxc3 8. Qd2 Be7 9. bxc3 b6 10. Nf3 Ba6 11. Bxa6 Nxa6 12. Qe2 Nb8 13. Nd2 c5 14. Qg4 g6 15. h4 h5 16. Qf4 c4 17. a4 Nc6 18. Ke2 Qd7 19. Nf3 0-0-0 20. Rhb1 Rhf8 21. Qg3 Na5 22. Rb5 Nc6 23. Bh6 Rg8 24. Ng5 Bf8 25. Bxf8 Rgxf8 26. Nh7 Rh8 27. Nf6 Qc7 28. Qh3 Nxe5 29. Nxd5 Qd6 30. Nxb6+ axb6 31. Rxe5 Kc7 32. a5 Ra8 33. Qf3 1-0

[Event "Steyr Landesliga 1516"]
[Site "Austria"]
[Date "2016.04.23"]
[Round "11.5"]
[White "Riedner, Martin"]
[Black "Flitsch, Guenther"]
[Result "0-1"]
[WhiteElo "2180"]
[BlackElo "1965"]
[PlyCount "58"]
[EventDate "2015.09.26"]
[EventType "team-tourn"]
[EventRounds "11"]
[EventCountry "AUT"]
[SourceTitle "EXT 2017"]
[Source "ChessBase"]
[SourceDate "2016.10.25"]
[SourceVersion "1"]
[SourceVersionDate "2016.10.25"]
[SourceQuality "1"]
[WhiteTeam "Gamlitz"]
[BlackTeam "Graz Austria"]
[WhiteTeamCountry "AUT"]
[BlackTeamCountry "AUT"]

1. c4 c5 2. g3 g6 3. Bg2 Bg7 4. Nf3 Nc6 5. Nc3 Nf6 6. 0-0 0-0 7. d4 cxd4 8. Nxd4 Nxd4 9. Qxd4 d6 10. Qd3 Bf5 11. e4 Be6 12. b3 Qa5 13. Bd2 Qh5 14. f3 Bh3 15. Rad1 Bxg2 16. Kxg2 Rfd8 17. Nd5 Rd7 18. Bc3 Nxd5 19. exd5 Bxc3 20. Qxc3 b6 21. Rfe1 Rc7 22. Qd3 Qg5 23. Re4 Rac8 24. Rde1 b5 25. cxb5 Rc3 26. Qd1 Rc1 27. Qd4 Rxe1 28. Rxe1 Rc2+ 29. Kg1 Qh5 0-1

[Event "Steyr Landesliga 1516"]
[Site "Austria"]
[Date "2016.04.02"]
[Round "9.4"]
[White "Steiner, Stefan"]
[Black "Riedner, Martin"]
[Result "1-0"]
[WhiteElo "2305"]
[BlackElo "2180"]
[PlyCount "103"]
[EventDate "2015.09.26"]
[EventType "team-tourn"]
[EventRounds "11"]
[EventCountry "AUT"]
[SourceTitle "EXT 2017"]
[Source "ChessBase"]
[SourceDate "2016.10.25"]
[SourceVersion "1"]
[SourceVersionDate "2016.10.25"]
[SourceQuality "1"]
[WhiteTeam "Frauental Strassenbahn"]
[BlackTeam "Gamlitz"]
[WhiteTeamCountry "AUT"]
[BlackTeamCountry "AUT"]

1. Nf3 d5 2. c4 d4 3. e3 Nc6 4. d3 e5 5. exd4 exd4 6. Be2 Nf6 7. 0-0 Be7 8. Re1 0-0 9. Nbd2 Bf5 10. Nf1 Qd7 11. Ng3 Bg6 12. Nh4 Ne8 13. Nxg6 hxg6 14. Bf3 Nf6 15. a3 a5 16. Qb3 Rfb8 17. Bd2 Bd6 18. Ne4 Nxe4 19. Rxe4 Ne5 20. Be2 c5 21. Re1 b5 22. cxb5 Rxb5 23. Qd5 Nc6 24. Bf4 Rd8 25. Bxd6 Rbb8 26. Qxc5 Qxd6 27. Qc2 Rdc8 28. Qd2 Qd5 29. Bf3 Qa2 30. R4e2 f6 31. Bxc6 Rxc6 32. Qxa5 Qb3 33. h3 Kh7 34. Qa7 Qb6 35. Qd7 Rc7 36. Qg4 f5 37. Qh4+ Kg8 38. Qg3 Rcb7 39. Re6 Qxb2 40. Qxg6 Rf8 41. Re8 Rbf7 42. Rxf8+ Rxf8 43. Qe6+ Kh7 44. Qd6 Rf6 45. Qb4 Qa2 46. Qxd4 Qxa3 47. Qe3 Rd6 48. d4 Qa5 49. Rc1 Qd5 50. Rc5 Qf7 51. Qf4 Rd5 52. Qh4+ 1-0

[Event "Steyr Landesliga 1516"]
[Site "Austria"]
[Date "2016.03.05"]
[Round "8.5"]
[White "Kormann, Werner"]
[Black "Riedner, Martin"]
[Result "1-0"]
[WhiteElo "2174"]
[BlackElo "2180"]
[PlyCount "75"]
[EventDate "2015.09.26"]
[EventType "team-tourn"]
[EventRounds "11"]
[EventCountry "AUT"]
[SourceTitle "EXT 2017"]
[Source "ChessBase"]
[SourceDate "2016.10.25"]
[SourceVersion "1"]
[SourceVersionDate "2016.10.25"]
[SourceQuality "1"]
[WhiteTeam "Trofaiach Niklasdorf"]
[BlackTeam "Gamlitz"]
[WhiteTeamCountry "AUT"]
[BlackTeamCountry "AUT"]

1. Nf3 d6 2. d4 f5 3. c4 Nf6 4. g3 g6 5. b3 Bg7 6. Bb2 0-0 7. Bg2 c6 8. Nbd2 a5 9. 0-0 Na6 10. Qc2 Bd7 11. Rad1 Qc7 12. a3 Rae8 13. Bc3 e5 14. dxe5 dxe5 15. e4 Nc5 16. Nh4 Ncxe4 17. Nxe4 Nxe4 18. Bxe4 fxe4 19. Qxe4 Bf5 20. Nxf5 gxf5 21. Qe1 b6 22. c5 bxc5 23. Bxa5 Qb7 24. Qc3 Ra8 25. Qxc5 Qxb3 26. Bb4 Qe6 27. Rd6 Qb3 28. Qxc6 Rfc8 29. Qd7 Qc2 30. Rd3 f4 31. Qf5 Qc4 32. Rc3 Qa6 33. Rfc1 Rxc3 34. Rxc3 Qg6 35. Rc8+ Rxc8 36. Qxc8+ Kf7 37. Qd7+ Kg8 38. Qd5+ 1-0

[Event "AUT-chT2O 1011"]
[Site "Austria"]
[Date "2011.03.13"]
[Round "11.5"]
[White "Riedner, Martin"]
[Black "Ligezinski, Martin"]
[Result "1-0"]
[WhiteElo "2146"]
[BlackElo "2107"]
[PlyCount "53"]
[EventDate "2010.10.02"]
[EventType "team-tourn"]
[EventRounds "11"]
[EventCountry "AUT"]
[SourceTitle "EXT 2012"]
[Source "ChessBase"]
[SourceDate "2011.11.24"]
[SourceVersion "1"]
[SourceVersionDate "2011.11.24"]
[SourceQuality "1"]
[WhiteTeam "Mattersburg"]
[BlackTeam "Wiener Neustadt"]
[WhiteTeamCountry "AUT"]
[BlackTeamCountry "AUT"]

1. c4 f5 2. d4 e6 3. g3 Nf6 4. Bg2 Be7 5. Nc3 0-0 6. Nf3 d6 7. 0-0 Qe8 8. b4 Qh5 9. Qb3 Kh8 10. Re1 Ne4 11. Nxe4 fxe4 12. Nd2 d5 13. Bb2 Rf6 14. f3 Rh6 15. Nf1 Nc6 16. a3 Bd7 17. fxe4 dxe4 18. Bxe4 Rf8 19. Bf3 Qh3 20. d5 exd5 21. cxd5 Bd6 22. dxc6 Bxg3 23. hxg3 Bxc6 24. e4 Bb5 25. Qc3 Rf7 26. Qd2 Rd6 27. Qg2 1-0

[Event "AUT-chT2O 1011"]
[Site "Austria"]
[Date "2011.01.30"]
[Round "9.3"]
[White "Riedner, Martin"]
[Black "Pisk, Petr"]
[Result "1/2-1/2"]
[WhiteElo "2146"]
[BlackElo "2313"]
[PlyCount "57"]
[EventDate "2010.10.02"]
[EventType "team-tourn"]
[EventRounds "11"]
[EventCountry "AUT"]
[SourceTitle "EXT 2012"]
[Source "ChessBase"]
[SourceDate "2011.11.24"]
[SourceVersion "1"]
[SourceVersionDate "2011.11.24"]
[SourceQuality "1"]
[WhiteTeam "Mattersburg"]
[BlackTeam "Zwettl"]
[WhiteTeamCountry "AUT"]
[BlackTeamCountry "AUT"]

1. c4 e5 2. Nf3 Nc6 3. Nc3 Nf6 4. g3 Bb4 5. Nd5 Bc5 6. Bg2 d6 7. 0-0 0-0 8. Nxf6+ Qxf6 9. d3 h6 10. Nd2 Qd8 11. Ne4 Bb6 12. Bd2 a6 13. Nc3 Ne7 14. Nd5 Nxd5 15. cxd5 Bd7 16. Rc1 a5 17. Rc4 Bb5 18. Rh4 f5 19. a4 Bd7 20. Rc4 Bc5 21. Qb3 Ra7 22. e3 Bb6 23. Kh1 Ra8 24. Qd1 Qe8 25. b3 Rc8 26. Qe1 Ra8 27. Qd1 Rc8 28. Qe1 Ra8 29. Qd1 1/2-1/2

[Event "AUT-chT2O 1011"]
[Site "Austria"]
[Date "2010.11.28"]
[Round "7"]
[White "Hofmann, Thomas"]
[Black "Riedner, Martin"]
[Result "0-1"]
[WhiteElo "2049"]
[BlackElo "2146"]
[PlyCount "110"]
[EventDate "2010.10.02"]
[EventType "team-tourn"]
[EventRounds "11"]
[EventCountry "AUT"]
[SourceTitle "EXT 2012"]
[Source "ChessBase"]
[SourceDate "2011.11.24"]
[SourceVersion "1"]
[SourceVersionDate "2011.11.24"]
[SourceQuality "1"]
[WhiteTeam "Niederabsdorf"]
[BlackTeam "Mattersburg"]
[WhiteTeamCountry "AUT"]
[BlackTeamCountry "AUT"]

1. d4 f5 2. c4 Nf6 3. Nc3 d6 4. Nf3 g6 5. Bf4 Bg7 6. Qd2 h6 7. h4 Be6 8. e3 Na6 9. a3 Ne4 10. Nxe4 fxe4 11. Ng1 c6 12. f3 d5 13. fxe4 dxe4 14. Nh3 c5 15. d5 Bf5 16. Be2 Qd7 17. Nf2 h5 18. Qc2 e6 19. 0-0 0-0 20. Rfd1 Bf6 21. g3 exd5 22. cxd5 b5 23. d6 c4 24. Bxc4+ bxc4 25. Qxc4+ Kh7 26. Qxa6 Bxb2 27. Rab1 Rab8 28. Rd5 Rb6 29. Qe2 Bxa3 30. Rxb6 axb6 31. Qd2 Bc5 32. Qc3 Be6 33. Rd2 Bf5 34. Rd5 Qf7 35. Re5 Bxd6 36. Nxe4 Bxe5 37. Ng5+ Kg8 38. Qxe5 Qd7 39. Qb2 Qd1+ 40. Kf2 Qc2+ 41. Qxc2 Bxc2 42. Ne6 Re8 43. Nd4 Bd3 44. Ke1 Rc8 45. Kd2 Be4 46. Bd6 Kf7 47. Bb4 Kf6 48. Bc3 Ke7 49. Nb5 Ke6 50. Bd4 Rc2+ 51. Kd1 Rc6 52. Nc3 Bf3+ 53. Kc2 Kf5 54. Kb3 Re6 55. Na4 Bd1+ 0-1

[Event "AUT-ch"]
[Site "Vienna"]
[Date "2010.07.28"]
[Round "5"]
[White "Riedner, Martin"]
[Black "Titz, Heimo"]
[Result "1-0"]
[WhiteElo "2170"]
[BlackElo "2243"]
[PlyCount "96"]
[EventDate "2010.07.24"]
[EventType "swiss"]
[EventRounds "9"]
[EventCountry "AUT"]
[SourceTitle "CBM 137 Extra"]
[Source "ChessBase"]
[SourceDate "2010.09.01"]
[SourceVersion "1"]
[SourceVersionDate "2010.09.01"]
[SourceQuality "1"]

1. c4 b6 2. Nc3 Bb7 3. e4 e6 4. Nf3 c5 5. d4 cxd4 6. Nxd4 Nf6 7. e5 Ne4 8. Nxe4 Bxe4 9. Nb5 Nc6 10. Bf4 Bb4+ 11. Bd2 Be7 12. Bc3 0-0 13. Bd3 Bxd3 14. Qxd3 a6 15. Nd6 Bxd6 16. exd6 Qg5 17. 0-0 b5 18. b3 Qc5 19. Rfe1 bxc4 20. bxc4 Rab8 21. Re4 f5 22. Ree1 Rb7 23. h4 f4 24. Re4 Rf5 25. g4 fxg3 26. Qxg3 e5 27. Rd1 Rb8 28. Rd5 Qa3 29. Bxe5 Qc1+ 30. Kg2 Rf7 31. Bc3 Rbf8 32. Rd2 Nd8 33. Re7 Ne6 34. Rxe6 dxe6 35. c5 Qb1 36. Kh2 Qb7 37. Qg2 Rf3 38. d7 Qc7+ 39. Kg1 R3f7 40. c6 Qb6 41. Bd4 Qb1+ 42. Kh2 Qb4 43. f4 Qe7 44. Be5 Rxf4 45. Qxg7+ Qxg7 46. Bxg7 Kxg7 47. c7 Rxh4+ 48. Kg1 Rh8 1-0

[Event "AUT-chT2O 0910"]
[Site "Austria"]
[Date "2010.03.28"]
[Round "9.3"]
[White "Riedner, Martin"]
[Black "Liedl, Wolfgang"]
[Result "1-0"]
[WhiteElo "2189"]
[BlackElo "2211"]
[PlyCount "115"]
[EventDate "2009.10.17"]
[EventType "team-tourn"]
[EventRounds "11"]
[EventCountry "AUT"]
[SourceTitle "EXT 2011"]
[Source "ChessBase"]
[SourceDate "2010.11.26"]
[SourceVersion "1"]
[SourceVersionDate "2010.11.26"]
[SourceQuality "1"]
[WhiteTeam "Mattersburg"]
[BlackTeam "Wien Austria"]
[WhiteTeamCountry "AUT"]
[BlackTeamCountry "AUT"]

1. c4 f5 2. d4 g6 3. h4 Nf6 4. h5 Bg7 5. hxg6 hxg6 6. Rxh8+ Bxh8 7. Nf3 d6 8. Qd2 Kf7 9. Qh6 Qg8 10. Nc3 Qg7 11. Qh4 Ke8 12. Bg5 Nbd7 13. e3 c6 14. Be2 Qh7 15. 0-0-0 Qxh4 16. Nxh4 Kf7 17. f3 Nh7 18. Bh6 Bg7 19. Bxg7 Kxg7 20. e4 fxe4 21. fxe4 Ng5 22. Nf3 Nf7 23. d5 Nde5 24. dxc6 bxc6 25. c5 dxc5 26. Na4 c4 27. Nc5 Bg4 28. Nd4 Bxe2 29. Nxe2 Nd6 30. Nd4 Nd3+ 31. Nxd3 cxd3 32. Rxd3 Rc8 33. e5 Nc4 34. Ne6+ Kg8 35. Rd7 Nxe5 36. Rxe7 a5 37. Rg7+ Kh8 38. Ra7 Nd3+ 39. Kc2 Ne1+ 40. Kc3 Nxg2 41. Rxa5 Re8 42. Nd4 Kg7 43. Ra7+ Kf6 44. Rc7 g5 45. Rxc6+ Ke5 46. b4 g4 47. b5 Kd5 48. Nf5 Re5 49. Rf6 g3 50. b6 Nf4 51. Nxg3 Re3+ 52. Kc2 Rxg3 53. Rxf4 Kc6 54. Rb4 Kb7 55. a4 Ra3 56. Kb2 Rg3 57. a5 Rg7 58. Kb3 1-0

[Event "AUT-chT2O 0910"]
[Site "Austria"]
[Date "2009.11.14"]
[Round "3.3"]
[White "Schroll, Gerhard"]
[Black "Riedner, Martin"]
[Result "1-0"]
[WhiteElo "2411"]
[BlackElo "2189"]
[PlyCount "49"]
[EventDate "2009.10.17"]
[EventType "team-tourn"]
[EventRounds "11"]
[EventCountry "AUT"]
[SourceTitle "EXT 2010"]
[Source "ChessBase"]
[SourceDate "2010.11.25"]
[SourceVersion "1"]
[SourceVersionDate "2010.11.25"]
[SourceQuality "1"]
[WhiteTeam "Wiener Neustadt"]
[BlackTeam "Mattersburg"]
[WhiteTeamCountry "AUT"]
[BlackTeamCountry "AUT"]

1. d4 c5 2. d5 e6 3. Nc3 Nf6 4. e4 exd5 5. e5 Ne4 6. Nxd5 c4 7. Nf3 Qa5+ 8. c3 Bc5 9. Be3 Nc6 10. Qc2 Bxe3 11. Nxe3 d5 12. exd6 Nxd6 13. Nxc4 Nxc4 14. Bxc4 0-0 15. 0-0 Bg4 16. Qe4 Qh5 17. Nd4 Ne5 18. Bb3 Rfe8 19. Qxb7 Rab8 20. Qxa7 Ra8 21. Qc7 Ra6 22. Rae1 Rh6 23. h3 Be2 24. Rxe2 Rc6 25. Qxc6 1-0

[Event "Vienna op 16th"]
[Site "Vienna"]
[Date "2009.08.18"]
[Round "4"]
[White "Guliyev, Namig"]
[Black "Riedner, Martin"]
[Result "1-0"]
[WhiteElo "2555"]
[BlackElo "2201"]
[PlyCount "43"]
[EventDate "2009.08.15"]
[EventType "swiss"]
[EventRounds "9"]
[EventCountry "AUT"]
[SourceTitle "CBM 131 Extra"]
[Source "ChessBase"]
[SourceDate "2009.09.03"]
[SourceVersion "2"]
[SourceVersionDate "2009.09.16"]
[SourceQuality "1"]

1. e4 e6 2. d4 d5 3. Nc3 Bb4 4. e5 b6 5. Qg4 Bf8 6. h4 Qd7 7. h5 h6 8. Be3 Ne7 9. f4 Nbc6 10. Bf2 Bb7 11. 0-0-0 0-0-0 12. Nf3 Na5 13. Qh3 Kb8 14. g4 Rc8 15. Kb1 c5 16. dxc5 bxc5 17. Ne4 Qa4 18. Nxc5 Qc6 19. Bd4 Ng8 20. b4 Nc4 21. Nd2 Na3+ 22. Qxa3 1-0

[Event "Vienna op 16th"]
[Site "Vienna"]
[Date "2009.08.16"]
[Round "2"]
[White "Chabanon, Jean Luc"]
[Black "Riedner, Martin"]
[Result "1-0"]
[WhiteElo "2439"]
[BlackElo "2201"]
[PlyCount "99"]
[EventDate "2009.08.15"]
[EventType "swiss"]
[EventRounds "9"]
[EventCountry "AUT"]
[SourceTitle "CBM 131 Extra"]
[Source "ChessBase"]
[SourceDate "2009.09.03"]
[SourceVersion "2"]
[SourceVersionDate "2009.09.16"]
[SourceQuality "1"]

1. d4 e6 2. Nf3 Nf6 3. g3 d5 4. c4 c6 5. Bg2 Nbd7 6. Qc2 Bb4+ 7. Bd2 Be7 8. 0-0 Ne4 9. Bf4 g5 10. Be3 Nd6 11. cxd5 exd5 12. Ne5 Nxe5 13. dxe5 Bf5 14. Qb3 Nc4 15. Qxb7 Nxe3 16. fxe3 Bd7 17. e4 d4 18. Nd2 0-0 19. Qb3 Rb8 20. Qc2 c5 21. Nc4 Be6 22. b3 Qc7 23. Rf3 Rbd8 24. Raf1 Qd7 25. h4 gxh4 26. gxh4 Kh8 27. Qd3 Rg8 28. h5 Rg5 29. Rg3 Rxg3 30. Qxg3 Rg8 31. Qh2 Bh3 32. Rf2 Bh4 33. Kf1 Rxg2 34. Rxg2 Qg4 35. Kg1 Bxg2 36. Qxg2 Qxh5 37. Nd6 Bg5 38. Kf2 h6 39. Qf3 Be3+ 40. Kg2 Qxf3+ 41. Kxf3 Kg7 42. Nb7 h5 43. Nxc5 Kg6 44. b4 Bd2 45. b5 Kg5 46. Nb3 Bc3 47. a4 d3 48. exd3 Bxe5 49. Na5 Bd4 50. Nc6 1-0

[Event "Graz op-A"]
[Site "Graz"]
[Date "2008.09.05"]
[Round "7"]
[White "Hess, Christian"]
[Black "Riedner, Martin"]
[Result "1-0"]
[WhiteElo "2235"]
[BlackElo "2139"]
[PlyCount "42"]
[EventDate "2008.08.30"]
[EventType "swiss"]
[EventRounds "9"]
[EventCountry "AUT"]
[SourceTitle "CBM 126 Extra"]
[Source "ChessBase"]
[SourceDate "2008.11.05"]
[SourceVersion "1"]
[SourceVersionDate "2008.11.05"]
[SourceQuality "1"]

1. Nf3 d6 2. e4 Nf6 3. Nc3 g6 4. d4 Bg7 5. Be3 a6 6. Bd3 b5 7. Qd2 Bb7 8. Bh6 0-0 9. Bxg7 Kxg7 10. e5 dxe5 11. dxe5 Nfd7 12. Qe3 e6 13. h4 Bxf3 14. Qxf3 c6 15. Qe3 Qb6 16. Qe4 f6 17. exf6+ Nxf6 18. Qe2 b4 19. Ne4 Nxe4 20. Bxe4 Ra7 21. h5 g5 1-0

[Event "Graz op-A"]
[Site "Graz"]
[Date "2008.09.03"]
[Round "5"]
[White "Loebler, Heimo"]
[Black "Riedner, Martin"]
[Result "0-1"]
[WhiteElo "2233"]
[BlackElo "2139"]
[PlyCount "65"]
[EventDate "2008.08.30"]
[EventType "swiss"]
[EventRounds "9"]
[EventCountry "AUT"]
[SourceTitle "CBM 126 Extra"]
[Source "ChessBase"]
[SourceDate "2008.11.05"]
[SourceVersion "1"]
[SourceVersionDate "2008.11.05"]
[SourceQuality "1"]

1. c4 c5 2. Nf3 Nc6 3. d4 cxd4 4. Nxd4 Qb6 5. e3 Nf6 6. Nc3 e6 7. Be2 d5 8. cxd5 exd5 9. Nf3 Be6 10. 0-0 Be7 11. Ng5 0-0 12. Nxe6 fxe6 13. b3 Rad8 14. Bb2 Kh8 15. Na4 Qb4 16. Rc1 Qh4 17. g3 Qh6 18. Nc5 Bxc5 19. Rxc5 Ne4 20. Rc2 d4 21. exd4 Nb4 22. Rc7 Nd5 23. Rxb7 Rxf2 24. Rxf2 Nxf2 25. Kxf2 Qxh2+ 26. Ke1 Qxg3+ 27. Kd2 Qg5+ 28. Kd3 Rc8 29. Qc1 Qg3+ 30. Kd2 Qe3+ 31. Kd1 Rxc1+ 32. Bxc1 Nc3+ 33. Kc2 0-1

[Event "Graz op-A"]
[Site "Graz"]
[Date "2008.08.30"]
[Round "1"]
[White "Mohr, Georg"]
[Black "Riedner, Martin"]
[Result "1-0"]
[WhiteElo "2494"]
[BlackElo "2139"]
[PlyCount "77"]
[EventDate "2008.08.30"]
[EventType "swiss"]
[EventRounds "9"]
[EventCountry "AUT"]
[SourceTitle "CBM 126 Extra"]
[Source "ChessBase"]
[SourceDate "2008.11.05"]
[SourceVersion "1"]
[SourceVersionDate "2008.11.05"]
[SourceQuality "1"]

1. g3 f5 2. Bg2 Nf6 3. c4 c6 4. d4 d6 5. Nc3 g6 6. Nf3 Bg7 7. 0-0 0-0 8. b4 e5 9. dxe5 dxe5 10. Qb3 Qe8 11. Ba3 e4 12. Nd4 Ng4 13. Rad1 e3 14. f4 Nf2 15. Rxf2 exf2+ 16. Kxf2 Be6 17. b5 Bxd4+ 18. Rxd4 Rf7 19. Qd1 Rd7 20. Qd3 Qd8 21. e3 Rxd4 22. exd4 Nd7 23. bxc6 bxc6 24. Bxc6 Rb8 25. Nd5 Nf6 26. Nxf6+ Qxf6 27. Bf3 Bf7 28. h4 h6 29. d5 Qa1 30. Qd2 Rb1 31. d6 Rf1+ 32. Kg2 Rh1 33. Qf2 Be8 34. Bb2 Qb1 35. Bd5+ Kf8 36. d7 Bxd7 37. Qc5+ Ke8 38. Qe3+ Kd8 39. Bf6+ 1-0